000 00479nam a2200181Ia 4500
008 230917s9999||||xx |||||||||||||| ||und||
020 _cGBP63
040 _e244235
_aMAIN
041 _aEnglish
082 _a570.1 V877F(2)
100 _aVoit, Eberhard O
245 0 _aFirst course in systems biology
250 _a2nd ed.
260 _aNew York
_bGarland Science
_c2018
300 _axi, 468 p.
500 _a3423 30/01/2019 HBD19/7725 18/02/2019 Main Budget
942 _cBK
999 _c30478
_d30478